Seemanta (Record no. 2966)

MARC details
000 -LEADER
fixed length control field 00479cam a2200205ua 4500
001 - CONTROL NUMBER
control field 3122
005 - DATE AND TIME OF LATEST TRANSACTION
control field 20260515113633.0
008 - FIXED-LENGTH DATA ELEMENTS--GENERAL INFORMATION
fixed length control field 110929n ii |||gr||||Z||||||asm
020 ## - INTERNATIONAL STANDARD BOOK NUMBER
International Standard Book Number 81-7339-117-3
040 ## - CATALOGING SOURCE
Transcribing agency MAIN
082 ## - DEWEY DECIMAL CLASSIFICATION NUMBER
Classification number 891.4513
100 1# - MAIN ENTRY--PERSONAL NAME
Personal name Kashyap, Hiranya,
Relator term Author.
245 11 - TITLE STATEMENT
Title Seemanta
Statement of responsibility, etc. by Hiranya Kashyap
250 ## - EDITION STATEMENT
Edition statement 1st.
260 ## - PUBLICATION, DISTRIBUTION, ETC.
Place of publication, distribution, etc. Guahati:
Name of publisher, distributor, etc. Banalata,996.
300 ## - PHYSICAL DESCRIPTION
Extent 360p:
Dimensions 23cm.
653 ## - INDEX TERM--UNCONTROLLED
Uncontrolled term Assamese Novel
653 ## - INDEX TERM--UNCONTROLLED
Uncontrolled term Seemanta
942 ## - ADDED ENTRY ELEMENTS (KOHA)
Koha item type Books
Holdings
Withdrawn status Lost status Damaged status Not for loan Home library Current library Shelving location Date acquired Total checkouts Full call number Barcode Date last seen Copy number Price effective from Koha item type
        Naharkatiya College Library Naharkatiya College Library General stacks 09/19/2020   891.4513 | KAS 10462 09/19/2020 1 09/19/2020 Books